Príprava bioaróm pomocou octových baktérií bakalárska práca

Na minha lista:
Detalhes bibliográficos
Autor principal: Sliacka, Margaréta
Formato: Livro
Idioma:eslovaco
Publicado em: Bratislava STU FCHPT 2013
Acesso em linha:View in OPAC
Tags: Adicionar Tag
Sem tags, seja o primeiro a adicionar uma tag!

MARC

LEADER 00000nam a2200000 a 4500
005 20260127134228.0
008 130912 2013 000 0 slo d
035 |a vtls010542863 
039 9 |y 201309121218  |z mschk03 
040 |a STUSCHK1  |b slo  |c STUSCHK1  |e AACR2 
100 1 |a Sliacka, Margaréta 
245 1 |a Príprava bioaróm pomocou octových baktérií  |b bakalárska práca  |c Margaréta Sliacka 
260 |a Bratislava  |b STU FCHPT  |c 2013 
300 |a 32 s.  |b il.  |c 30 cm 
500 |a Obhájené: 19.08.2013 
500 |a Štud. program: Biotechnológia 
500 |a Štud. odbor: Biotechnológie 
500 |a Škol. pracovisko: Oddelenie biochemickej technológie 
500 |a Evid. číslo: FCHPT-13567-44196 
910 |a SCHK95 
999 |c 7243  |d 7243